000 00569nam a2200181 i 4500
001 bg
100 1 _aMOROZ, Władysław.
245 1 0 _aSiłownie okrętowe :
_bzbiór zadań z rozwiązaniami.
_nCz. 1,
_pParowe siłownie okrętowe /
_cWładysław Moroz ; Politechnika Gdańska.
260 _aGdańsk :
_bWydaw. Uczelniane PG,
_c1970.
650 9 _aStatki
_xurządzenia
655 _aPodręczniki akademickie
710 _aPolitechnika Gdańska
040 _cBPK
041 _apol
080 _a629.5(075.8)
942 _cKS
008 s pl f |000 0 pol
999 _c7116
_d7116
856 _uhttp://koha.tu.koszalin.pl/cgi-bin/koha/opac-detail.pl?biblionumber=7116
_yKatalog online BPK